| 000 | 00964nam a2200229 a 4500 | ||
|---|---|---|---|
| 003 | BD-DhJNU | ||
| 005 | 20260512044132.0 | ||
| 008 | 260508s2014 bg |||g |||| 000 1|ben|d | ||
| 020 | _a9841803941 | ||
| 040 |
_aBD-DhJNU _bben _cBD-DhJNU _dBD-DhJNU |
||
| 041 | _aben | ||
| 082 |
_a891.443 ALD _223 |
||
| 100 | _aআলী, সৈয়দ মুজতবা | ||
| 245 | 1 | 0 |
_aদেশে বিদেশে / _cসৈয়দ মুজতবা আলী |
| 246 | _aDeshe bideshe | ||
| 260 |
_aঢাকা : _bবিশ্বসাহিত্য কেন্দ্র, _c2014. |
||
| 300 |
_a২২৪ পৃ. : _bচিত্র ; _c২২ সেমি.। |
||
| 504 | _aগ্রন্থপঞ্জিগত নির্দেশিকা ও নিঘন্ট অন্তভূক্ত | ||
| 650 | _aআফগানিস্তান -- বর্ণনা ও ভ্রমণ | ||
| 650 | _aAfghanistan -- Description and travel | ||
| 942 | _cBK | ||
| 999 |
_c2790 _d2790 |
||